01335nam a2200241 a 450000100100000000500170001000800410002702000150006804000250008308200180010824502380012626000310036430000270039550000330042265000530045565000400050865000400054895201270058895201270071595201150084295201210095799900150107800000725920240409073824.0090907s2005 xxua 001 p spa d a097656470X aDO-SdBNPbspacBNPHU aRD861.5bL86400aDesde la diáspora = from the diaspora :bcuentos y poemas de niños y niñas dominicanos = anthology of dominican childrens writings /ccompiladores Michael López ,Pastora Hernández, Yrene Santos, Mary Ely Peña- Gratereaux. aNew york :bCayena,c2005. a93 p. :bil. ;c22 cm. aIncluye datos biográficos. 4aPoesía infantil dominicanaxColecciones920146 0aCuentos infantiles dominicanos9505 4aLiteratura infantil dominicana9441 001054708MOaGRbGRcHDd2009-09-07iLF1l0oRD861.5 L864p7259-30r2020-06-25te. 3w2020-06-25y4ZPréstamo en sala 001054708MOaGRbGRcHDd2013-06-21iLF1l0oRD861.5 L864p7259-40r2020-06-25te. 4w2020-06-25y4ZPréstamo en sala 001050718MOaPDbPDcHDd2009-09-07iLF1l0oRD861.5 L864p7259-10r2020-06-25w2020-06-25y1ZNo se presta 001050718MOaPDbPDcHDd2009-09-07iLF1l0oRD861.5 L864p7259-20r2020-06-25te. 2w2020-06-25y1ZNo se presta c7040d7040